Central Library OPAC University of Rajshahi

Encyclopedia of chemical reactions / (Record no. 10878)

MARC details
000 -LEADER
fixed length control field 00945cam a22002651 4500
001 - CONTROL NUMBER
control field 10878
003 - CONTROL NUMBER IDENTIFIER
rucl marc code BD-RjUL
005 - DATE AND TIME OF LATEST TRANSACTION
control field 20211208235032.0
008 - FIXED-LENGTH DATA ELEMENTS--GENERAL INFORMATION
fixed length control field 140125s1951 nyu a 000 0 eng d
035 ## - SYSTEM CONTROL NUMBER
System control number (BD-RjUL)10927
040 ## - CATALOGING SOURCE
Original cataloging agency DLC/ICU
Transcribing agency ICU
Modifying agency DLC
-- (BD-RjUL)
Language of cataloging eng
041 ## - LANGUAGE CODE
Language code of text/sound track or separate title eng
082 00 - DEWEY DECIMAL CLASSIFICATION NUMBER
Classification number 546.1
Author mark and year ENC
100 1# - MAIN ENTRY--PERSONAL NAME
Fuller form of name ,
9 (RLIN) 33626
245 10 - TITLE STATEMENT
Title Encyclopedia of chemical reactions /
Statement of responsibility, etc. compiled and edited by C.A. Jacobson.
260 ## - PUBLICATION, DISTRIBUTION, ETC. (IMPRINT)
Place of publication, distribution, etc. New York :
Name of publisher, distributor, etc. Reinhold Pub. Corp.,
Date of publication, distribution, etc. 1951
300 ## - PHYSICAL DESCRIPTION
Pagination ix,790p. ;
Size 24 cm.
500 ## - GENERAL NOTE
General note Vol. 5 compiled and edited by C.A. Jacobson, with the assistance of Clifford A. Hampel and Elbert C. Weaver; v. 6 compiled by C.A. Jacobson, edited by Clifford A. Hampel.
650 #0 - SUBJECT ADDED ENTRY--TOPICAL TERM
Topical term or geographic name as entry element Chemical reactions
General subdivision Encyclopedias.
9 (RLIN) 33222
Topical term or geographic name as entry element Chemistry, Inorganic
General subdivision Abstracts.
9 (RLIN) 33223
700 1# - ADDED ENTRY--PERSONAL NAME
Personal name Jacobson, C. A.
Fuller form of name (Carl Alfred)
942 ## - ADDED ENTRY ELEMENTS (KOHA)
Source of classification or shelving scheme Dewey Decimal Classification
Koha item type Books
Holdings
Lost status Source of classification or shelving scheme Materials specified (bound volume or other part) Damaged status Not for loan Collection code Permanent Location Current Location Shelving location Date acquired Source of acquisition Cost, normal purchase price Total Checkouts Full call number Date last seen Copy number Koha item type
  Dewey Decimal Classification V-4   Not For Loan Non-fiction Central Library, University of Rajshahi Central Library, University of Rajshahi Reading Room 29/01/1958 Blackwell 7.00   546.1 ENC 1951 25/01/2014 C-1 Books